000 00391nam a2200145Ia 4500
008 210210b1990 xxu||||| |||| 00| 0 eng d
082 _a540 VERC
100 _aVERMA (N K) and others.
245 _aComprehensive chemistry. Class XII. II P U C.
260 _aN D
_bLakshmi Publication
_c1990
300 _aviii,680
650 _aChemistry XII Class
690 _aChemistry
906 _a046773
999 _c95834
_d95834